[Event "11th Aosta Open"]
[Site "Saint Vincent ITA"]
[Date "2003.02.10"]
[Round "3"]
[White "Fontaine,R"]
[Black "Sanchez,Joseph"]
[Result "1/2-1/2"]
[WhiteElo "2529"]
[BlackElo "2307"]

1.e4 c5 2.Nf3 Nc6 3.Bb5 d6 4.O-O Bd7 5.Re1 Nf6 6.h3 a6 7.Bxc6 Bxc6 8.e5 dxe5
9.Nxe5 Rc8 10.Nxc6 Rxc6 11.d3 e6 12.Nd2 Be7 13.b3 Nd5 14.Bb2 Bf6 15.Bxf6 Qxf6
16.Nc4 O-O 17.a4 Rd8 18.Qh5 Qc3 19.Rac1 b5 20.axb5 axb5 21.Ne3 Nf6  1/2-1/2

[Event "II Marcelo Salado Cup Gp A"]
[Site "Santa Clara CUB"]
[Date "2003.02.10"]
[Round "11"]
[White "Garcia Gomez,R"]
[Black "Espinosa,E"]
[Result "1/2-1/2"]
[WhiteElo "2198"]
[BlackElo "2265"]

1.e4 c5 2.Nf3 Nc6 3.Bb5 e6 4.Bxc6 bxc6 5.d3 Ne7 6.Be3 d6 7.O-O f6 8.c3 g6
9.d4 cxd4 10.cxd4 Bg7 11.Nc3 O-O 12.Rc1 a5 13.Qc2 g5 14.h3 h5 15.Nh2 Bb7  1/2-1/2

[Event "11th Aosta Open"]
[Site "Saint Vincent ITA"]
[Date "2003.02.11"]
[Round "4"]
[White "Papa,S"]
[Black "Delchev,A"]
[Result "1-0"]
[WhiteElo "2356"]
[BlackElo "2583"]

1.e4 c5 2.Nf3 Nc6 3.Bb5 g6 4.Bxc6 dxc6 5.d3 Bg7 6.h3 Nf6 7.Nc3 e5 8.Be3 Qd6
9.Qd2 O-O 10.Bh6 Be6 11.O-O-O a5 12.Kb1 a4 13.g4 b5 14.Ne2 b4 15.Ng3 Rfb8
16.Bxg7 Kxg7 17.Qg5 Nd7 18.Nf5+ Bxf5 19.gxf5 b3 20.cxb3 axb3 21.a3 h6 22.Qc1 Qf6
23.Rhg1 Kh7 24.fxg6+ fxg6 25.Rg3 Rg8 26.h4 Raf8 27.Rdg1 Qe6 28.R1g2 Rf4 29.Qc3 c4
30.dxc4 Rxe4 31.Qxb3 Nc5 32.Qc3 Re2 33.Nd2 Qd7 34.f3 Re1+ 35.Ka2 Nd3 36.Ne4 Qd4
37.Nf6+ Kg7 38.Rxg6+ Kf7 39.Nxg8 Nc1+ 40.Kb1 Nd3+ 41.Qxe1 Nxe1 42.Nxh6+ Ke8
43.Rg8+ Kd7 44.R2g7+ Ke6 45.Re7+  1-0

[Event "II Marcelo Salado Cup Gp A"]
[Site "Santa Clara CUB"]
[Date "2003.02.12"]
[Round "13"]
[White "Garcia Gomez,R"]
[Black "Alvarez Pedraza,A"]
[Result "1-0"]
[WhiteElo "2198"]
[BlackElo "2233"]

1.e4 c5 2.Nf3 Nc6 3.Bb5 e6 4.Bxc6 bxc6 5.d3 Ne7 6.Nc3 Ng6 7.h4 h5 8.Qe2 e5
9.g3 d6 10.Nd1 f6 11.Ne3 d5 12.exd5 cxd5 13.c4 d4 14.Nd5 Kf7 15.Qe4 Rb8 16.O-O Bb7
17.Ng5+ fxg5 18.Qf5+ Kg8 19.Qxg6 Bxd5 20.cxd5 gxh4 21.Qe6+ Kh7 22.Qxe5 Bd6
23.Qf5+ Kg8 24.Qe6+ Kh7 25.Qf5+ Kg8 26.Bg5 Qc7 27.Bxh4 Rf8 28.Qe6+ Rf7 29.Rae1 Kh7
30.f4 Rhf8 31.f5 Rf6 32.Bxf6 Rxf6 33.Qe8 Bxg3 34.Re6 Rf7 35.Rc6 Qb7 36.Qe2 h4
37.f6 Qd7 38.Re6 Bd6 39.fxg7 Rxg7+ 40.Kh1 Bf8  1-0

[Event "Aeroflot Open"]
[Site "Moscow RUS"]
[Date "2003.02.13"]
[Round "3"]
[White "Svidler,P"]
[Black "Halkias,S"]
[Result "1/2-1/2"]
[WhiteElo "2693"]
[BlackElo "2521"]

1.e4 c5 2.Nf3 Nc6 3.Bb5 d6 4.O-O Bd7 5.Re1 Nf6 6.c3 a6 7.Bf1 Bg4 8.d3 Bxf3
9.Qxf3 g6 10.Nd2 Bg7 11.Qd1 Nd7 12.Nf3 O-O 13.Be3 Qc7 14.d4 b5 15.Rc1 e5
16.Qd2 Rfe8 17.d5 Ne7 18.g3 Nf6 19.Bg5 Nc8 20.b3 Nb6 21.Qc2 h6 22.Be3 Ng4
23.Bd2 c4 24.Bh3 h5 25.Ng5 Bf6 26.Qd1 Qe7 27.Nf3 Rec8 28.Qe2 Nd7 29.Red1 cxb3
30.axb3 Nc5 31.b4 Na4 32.Be1 Rc7 33.c4 bxc4 34.Rxc4 Rxc4 35.Qxc4 Nb2 36.Qc6 Rb8
37.Rb1 Nd3 38.Qxa6 Nxe1 39.Nxe1 Bg5 40.b5 Nf6 41.Bg2 Nd7 42.Nd3 Nb6 43.Qa3 Ra8
44.Qb2 Qc7 45.f4 exf4 46.gxf4 Qc4 47.Qb3  1/2-1/2

[Event "Aeroflot Open"]
[Site "Moscow RUS"]
[Date "2003.02.14"]
[Round "4"]
[White "Deviatkin,A"]
[Black "Eljanov,P"]
[Result "1-0"]
[WhiteElo "2487"]
[BlackElo "2571"]

1.e4 c5 2.Nf3 Nc6 3.Bb5 e6 4.O-O Nge7 5.c3 a6 6.Be2 d5 7.exd5 Nxd5 8.d4 cxd4
9.Nxd4 Bd7 10.Bf3 Nxd4 11.Qxd4 Bc6 12.Nd2 Ne7 13.Qg4 h5 14.Bxc6+ Nxc6 15.Qe4 Be7
16.Nc4 Qd5 17.Qxd5 exd5 18.Nb6 Rd8 19.Bf4 Bc5 20.Rfe1+ Kf8 21.Bc7 Bxb6 22.Bxb6 Rd7
23.Rad1 f6 24.f4 Kf7 25.Re2 Rc8 26.Red2 Ne7 27.g3 Rc6 28.Ba5 Ke6 29.Kf2 Rc4
30.b3 Re4 31.Kf3 g5 32.fxg5 fxg5 33.Bb6 Nc6 34.Kg2 g4 35.a4 Ne5 36.h4 Nf3
37.Rb2 Rd6 38.Bf2 Rc6 39.Rc2 b5 40.axb5 axb5 41.Ra2 Rxc3 42.Ra6+ Ke5 43.Rh6 Rc2
44.Rxh5+ Kf6 45.Rhxd5 Ree2 46.Rf1 Nd2 47.Ra1 Rxf2+ 48.Kxf2 Nxb3+ 49.Ke3 Rc3+
50.Rd3 Nxa1 51.Rxc3  1-0

[Event "TCh-CZE 2002-3"]
[Site "Czech Rep CZE"]
[Date "2003.02.15"]
[Round "6"]
[White "Stratil,L"]
[Black "Michalek,J"]
[Result "1-0"]
[WhiteElo "2356"]
[BlackElo "2400"]

1.e4 c5 2.Nf3 Nc6 3.Bb5 e6 4.O-O Nge7 5.Re1 a6 6.Bf1 d5 7.exd5 Nxd5 8.d4 Be7
9.dxc5 O-O 10.Qe2 Bxc5 11.c4 Nf6 12.Be3 Qb6 13.Bxc5 Qxc5 14.Nc3 Bd7 15.a3 Rfd8
16.b4 Qa7 17.Rad1 Be8 18.Ne4 Nxe4 19.Qxe4 Ne7 20.Ng5 Ng6 21.c5 h6 22.Nf3 Ba4
23.Rc1 Bc6 24.Qe3 Qb8 25.Nd4 Bd5 26.g3 Qc7 27.h4 Qd7 28.Nf3 Qa4 29.h5 Nf8
30.Ne5 Qe8 31.Nc4 Rab8 32.Nb6 Bc6 33.Nc4 Nd7 34.Be2 Nf6 35.Nd6 Qe7 36.Bf3 Qd7
37.Red1 Bd5 38.Bxd5 Nxd5 39.Qf3 b6 40.Ne4 bxc5 41.Rxc5 Rb5 42.Qd3 Qa7 43.Rdc1 Qb8
44.Qf3 a5 45.Rxb5 Qxb5 46.Rc5 Qb6 47.Rxa5 Qd4 48.Nc5 Qd2 49.Ra7 f5 50.Rxg7+ Kxg7
51.Nxe6+ Kf6 52.Nxd8 Nc3 53.Qc6+ Ke7 54.Nb7 Ne4 55.Qc7+ Ke8 56.Qc8+ Ke7 57.Qxf5 Qd1+
58.Kg2 Nd2 59.Nc5 Qf1+ 60.Kh2  1-0

[Event "Aeroflot Open"]
[Site "Moscow RUS"]
[Date "2003.02.15"]
[Round "5"]
[White "Rublevsky,S"]
[Black "Moiseenko,A"]
[Result "1/2-1/2"]
[WhiteElo "2644"]
[BlackElo "2597"]

1.e4 c5 2.Nf3 Nc6 3.Bb5 e6 4.O-O Nge7 5.c3 a6 6.Ba4 b5 7.Bc2 Bb7 8.Qe2 d5
9.e5 d4 10.Be4 Nd5 11.d3 dxc3 12.Nxc3 Qd7 13.Rd1 Be7 14.d4 Nxd4 15.Nxd4 cxd4
16.Nxd5 exd5 17.Rxd4 O-O 18.Bd3 Rfe8 19.Bd2 g6 20.Rg4 Bc8 21.Rg3 Bh4 22.Rf3 Qe7
23.h3 Bb7 24.Re1 Rad8 25.Rf4 Bg5 26.Rd4 Bxd2 27.Qxd2 Rc8 28.Kh1 Rc7 29.f4 Qh4
30.Rf1 Rxe5 31.Bxg6 Re8 32.Bf5 Rce7 33.Qf2 Qxf2 34.Rxf2 Re2 35.Rd2 Rxf2 36.Rxf2 d4
37.Rd2 Kg7 38.Kg1 h6 39.Kf2 Kf6 40.g4 Re3 41.Rxd4 Rxh3 42.Rd6+  1/2-1/2

[Event "TCh-CZE 2002-3"]
[Site "Czech Rep CZE"]
[Date "2003.02.16"]
[Round "7"]
[White "Suran,J"]
[Black "Nun,Ji"]
[Result "1-0"]
[WhiteElo "2388"]
[BlackElo "2374"]

1.e4 c5 2.Nf3 Nc6 3.Bb5 g6 4.O-O Bg7 5.Re1 e5 6.Bxc6 dxc6 7.d3 f6 8.a3 a5
9.Be3 b6 10.Nbd2 Be6 11.Nc4 Bh6 12.Qd2 Bxc4 13.Bxh6 Nxh6 14.Qxh6 Bf7 15.b4 axb4
16.axb4 Ke7 17.bxc5 bxc5 18.Qd2 Qd6 19.Qc3 Rhb8 20.h3 Ba2 21.Qd2 Bg8 22.Qh6 Kf7
23.Reb1 Rxb1+ 24.Rxb1 Rb8 25.Ra1 Qe7 26.c3 Rd8 27.Qe3 Kg7 28.Ra5 c4 29.d4 exd4
30.Nxd4 Qe8 31.e5 Bd5 32.Ra7+ Kg8 33.Qh6 Rd7 34.Rxd7 Qxd7 35.exf6 Qf7 36.Qf4 Qf8
37.Nc2 Qd8 38.Ne3 h5 39.Nxc4 Qa8 40.Ne5  1-0

[Event "1st NAO GM"]
[Site "Paris FRA"]
[Date "2003.02.21"]
[Round "9"]
[White "Georgiev,Kr"]
[Black "Maze,S"]
[Result "0-1"]
[WhiteElo "2529"]
[BlackElo "2407"]

1.e4 c5 2.Nf3 Nc6 3.Bb5 g6 4.O-O Bg7 5.c3 Nf6 6.Re1 O-O 7.h3 e5 8.Bxc6 dxc6
9.d3 Re8 10.Na3 Nd7 11.Be3 Qc7 12.Nc4 b6 13.Qc2 Ba6 14.Qa4 Bb5 15.Qb3 a5
16.a4 Ba6 17.Rad1 Rab8 18.Qa2 Nf8 19.d4 exd4 20.cxd4 Rxe4 21.Ng5 Rxd4 22.Bxd4 cxd4
23.Re4 Bf6 24.Nf3 c5 25.Rde1 Bb7 26.Re8 Rxe8 27.Rxe8 Bc6 28.Re1 Bd5 29.Nfd2 Ne6
30.Qb3 Bd8 31.Qc2 Nf4 32.Re8+ Kg7 33.f3 d3 34.Qb3 Ne2+ 35.Rxe2 dxe2 36.Qe3 Bxc4
37.Nxc4 Qd7 38.Qxe2 Qxa4 39.Qd3 Bf6 40.b3 Qa1+ 41.Kh2 b5 42.Nd2 Be5+ 43.g3 Bd4  0-1

[Event "Open"]
[Site "Portsmouth ENG"]
[Date "2003.02.22"]
[Round "3"]
[White "Lock,G"]
[Black "Singleton,M"]
[Result "0-1"]
[WhiteElo "2120"]
[BlackElo "2126"]

1.Nf3 c5 2.e4 Nc6 3.Bb5 g6 4.O-O Bg7 5.Re1 Nf6 6.e5 Nd5 7.Nc3 Nc7 8.Bxc6 dxc6
9.Ne4 Ne6 10.d3 O-O 11.h3 b6 12.a4 Qc7 13.Ng3 Rd8 14.Qe2 Nd4 15.Nxd4 cxd4
16.f4 Rd5 17.Bd2 Be6 18.Ne4 Rad8 19.Qf2 h6 20.g4 Bc8 21.Re2 c5 22.b3 Qc6
23.Rf1 Rf8 24.Qh4 Qd7 25.Qe1 Qc6 26.Ng3 Bb7 27.Kh2 Kh7 28.f5 Rxe5 29.fxg6+ fxg6
30.Rxf8 Bxf8 31.Ne4 g5 32.h4 Kg8 33.hxg5 hxg5 34.Bxg5 Bg7 35.Bf4 Re6 36.Ng3 Qf3
37.Qf2 Rxe2 38.Qxe2 Qxf4  0-1

[Event "TCh-BEL 2002-3"]
[Site "Belgium BEL"]
[Date "2003.02.23"]
[Round "9"]
[White "Laurent,B"]
[Black "Bezsilko,P"]
[Result "1-0"]
[WhiteElo "2317"]
[BlackElo "2194"]

1.e4 c5 2.Nf3 Nc6 3.Bb5 d6 4.O-O Bd7 5.Re1 Nf6 6.c3 Qb6 7.Bf1 Bg4 8.d3 g6
9.Nbd2 Bg7 10.h3 Bxf3 11.Nxf3 Nd7 12.Qc2 O-O 13.Be3 Qa5 14.a3 Rfc8 15.Qd2 b5
16.b4 Qd8 17.d4 cxd4 18.cxd4 a6 19.a4 bxa4 20.Rxa4 a5 21.bxa5 Nxa5 22.Qa2 Nc6
23.Ra1 Nb6 24.Rxa8 Rxa8 25.Qb1 Rxa1 26.Qxa1 d5 27.Qb1 dxe4 28.Qxe4 Qd5 29.Qf4 Qd6
30.Qh4 Bf6 31.Qe4 Qd5 32.Qd3 e5 33.dxe5 Qxd3 34.Bxd3 Nxe5 35.Nxe5  1-0

[Event "Open"]
[Site "Cappelle la Grande FRA"]
[Date "2003.02.23"]
[Round "2"]
[White "Burnett,R"]
[Black "Fominyh,A"]
[Result "0-1"]
[WhiteElo "2436"]
[BlackElo "2551"]

1.e4 c5 2.Nf3 Nc6 3.Bb5 e6 4.O-O Nge7 5.c3 a6 6.Ba4 b5 7.Bc2 c4 8.b3 Ng6
9.a4 Bb7 10.Na3 cxb3 11.Bxb3 b4 12.Nc4 Na5 13.Nxa5 Qxa5 14.cxb4 Bxb4 15.Qe2 O-O
16.Bb2 f5 17.e5 Nf4 18.Qe3 Nd5 19.Qe2 Rfc8 20.Rfc1 Bc5 21.Bc3 Qb6 22.Bxd5 Bxd5
23.Rab1 Qa7 24.h4 Be7 25.h5 Rc4 26.a5 Rac8 27.Bb2 Qb7 28.Bc3 Qa8 29.Ne1 Rg4
30.f3 Rh4 31.Qf2 Rxh5 32.Nd3 Rh4 33.Bd4 Bc4 34.Bc5 Bg5 35.Be3 h6 36.Nb4 f4
37.Ba7 Bb5 38.Qb6 Bd8 39.Rxc8 Qxc8 40.Qf2 Rh5 41.Qd4 Bxa5 42.Bc5 Bc7 43.Bd6 Bxd6
44.Qxd6 Qc4  0-1

[Event "ch-CZE w"]
[Site "Lahucovice CZE"]
[Date "2003.02.23"]
[Round "4"]
[White "Svobodova,M"]
[Black "Rerabkova,L"]
[Result "1/2-1/2"]
[WhiteElo "2139"]
[BlackElo "2016"]

1.e4 c5 2.Nf3 Nc6 3.Bb5 g6 4.Bxc6 dxc6 5.h3 Bg7 6.d3 Nf6 7.Nc3 O-O 8.Be3 b6
9.Qd2 Ba6 10.O-O Qd7 11.Bh6 Rad8 12.Rad1 Qc7 13.Bxg7 Kxg7 14.Nh4 c4 15.d4 b5
16.e5 Nd7 17.Qf4 Nb6 18.Qg3 b4 19.Ne4 c3 20.Rfe1 cxb2 21.Nf6 Kh8 22.Qg5 Nd5
23.Nxd5 Rxd5 24.Qh6 Rfd8 25.Nf3 f6 26.Nh4 Rg8 27.exf6 exf6 28.Rb1 Rxd4 29.Rxb2 Qd6
30.Rb3 Rd1 31.Re3 Bc4 32.Rxd1 Qxd1+ 33.Kh2 Qd6+ 34.g3 Bxa2 35.Rd3 Qe7 36.Qd2 Be6
37.Re3 Re8 38.Qe1 Qd6 39.Ng2 Kg7 40.Nf4 Kf7 41.Nxe6 Rxe6 42.Rxe6 Qxe6 43.Qxb4 Qd7
44.h4 Qe7 45.Qc4+ Qe6 46.Qa6 Qd7 47.Qc4+ Qd5 48.Qa6 Qc5 49.Kg1 Qb6 50.Qc4+ Kg7
51.Qe6 Qc7 52.g4 h6 53.h5 a5 54.hxg6 Kxg6 55.Qg8+ Qg7 56.Qe8+ Kh7 57.Qe4+ Kh8
58.Qe8+ Qg8 59.Qh5 Qg5 60.Qe8+ Kh7  1/2-1/2

[Event "Open"]
[Site "Portsmouth ENG"]
[Date "2003.02.23"]
[Round "5"]
[White "Rayner,F"]
[Black "Singleton,M"]
[Result "0-1"]
[WhiteElo "2216"]
[BlackElo "2126"]

1.e4 c5 2.Nf3 Nc6 3.Bb5 g6 4.O-O Bg7 5.c3 Nf6 6.Re1 O-O 7.h3 d6 8.d4 Bd7
9.Bf1 e5 10.dxc5 dxc5 11.Qd6 Qb6 12.Nxe5 Nxe5 13.Qxe5 Nxe4 14.Qf4 f5 15.Na3 Rae8
16.Nc4 Qf6 17.f3 g5 18.Qc7 Bc6 19.fxe4 Rf7 20.Qd6 Re6 21.e5 Qg6 22.Qd8+ Bf8
23.Qxg5 b5 24.Qxg6+ Rxg6 25.Na5 Be4 26.Bf4 c4 27.a4 a6 28.axb5 axb5 29.b3 Rfg7
30.g3 Bc5+ 31.Kh2 Bf2 32.Red1 h5 33.Rd8+ Kh7 34.Rd6 Bxg3+ 35.Bxg3 Rxg3 36.Rd4 Rg2+
37.Bxg2 Rxg2+ 38.Kh1 Ra2+ 39.Rxe4 Rxa1+ 40.Kg2 fxe4 41.b4 Rc1 42.Nb7 Rxc3
43.Nd6 Rd3 44.Nxe4 Re3 45.Ng5+ Kg6  0-1

[Event "ch-RUS w 1st League"]
[Site "Serpukhov RUS"]
[Date "2003.02.23"]
[Round "4"]
[White "Mashinskaya,I"]
[Black "Iodo,A"]
[Result "1-0"]
[WhiteElo "2242"]
[BlackElo "2132"]

1.e4 c5 2.Nf3 Nc6 3.Bb5 e6 4.Bxc6 bxc6 5.d3 Ne7 6.Qe2 Ng6 7.h4 Be7 8.h5 Nh4
9.Nxh4 Bxh4 10.e5 f5 11.Nd2 Be7 12.Nc4 Ba6 13.Bd2 Bxc4 14.dxc4 O-O 15.O-O-O Qc7
16.Rh3 Rae8 17.Bf4 Rf7 18.Rhd3 Bd8 19.Qe3 Qa5 20.a3 Ree7 21.Kb1 h6 22.f3 Bb6
23.Bg3 Bd8 24.Be1 Qa6 25.Qxc5 Bb6 26.Qb4 d5 27.exd6 Rb7 28.d7 Bd8 29.Qc5 f4
30.Bc3 Rb8 31.Qe5 Rb7 32.Qxe6  1-0

[Event "Open"]
[Site "Cappelle la Grande FRA"]
[Date "2003.02.24"]
[Round "3"]
[White "Janev,E"]
[Black "Teske,H"]
[Result "0-1"]
[WhiteElo "2465"]
[BlackElo "2531"]

1.e4 c5 2.Nf3 Nc6 3.Bb5 e6 4.Bxc6 bxc6 5.d3 Ne7 6.h4 d5 7.c4 f6 8.Nc3 e5
9.Ng1 Be6 10.b3 f5 11.Nf3 fxe4 12.dxe4 dxc4 13.bxc4 Qc7 14.Qa4 Bg4 15.Rb1 Bxf3
16.gxf3 Nc8 17.Rg1 Kf7 18.Qd1 Nb6 19.Qe2 Be7 20.f4 exf4 21.e5 Rhe8 22.Bxf4 Bd6
23.Rg5 Kg8 24.Ne4 Be7 25.Rxg7+ Kxg7 26.Qg4+ Kh8 27.e6 Rg8 28.Qf5 Raf8 29.Be5+ Rg7
30.Qh5 Qd8 31.Rd1 Qe8 32.Bxg7+ Kxg7 33.Qe5+ Bf6 34.Nxf6 Rxf6 35.e7 Kf7 36.Kf1 Qxe7
37.Qh5+ Kf8 38.Re1 Qd7 39.Qxc5+ Kg8 40.Re3 Qd8  0-1

[Event "Open"]
[Site "Cappelle la Grande FRA"]
[Date "2003.02.24"]
[Round "4"]
[White "Brodsky,M"]
[Black "Van der Weide,K"]
[Result "1/2-1/2"]
[WhiteElo "2550"]
[BlackElo "2388"]

1.e4 c5 2.Nf3 Nc6 3.Bb5 e6 4.O-O Nge7 5.c3 a6 6.Ba4 b5 7.Bc2 Bb7 8.Re1 d5
9.d4 cxd4 10.exd5 Nxd5 11.cxd4 Be7 12.Nc3 Ncb4 13.Bb3 O-O 14.Ne5 Rc8 15.Bd2 Nxc3
16.bxc3 Nd5 17.Qf3 Bg5 18.Bxg5 Qxg5 19.c4 bxc4 20.Bxc4  1/2-1/2

[Event "Open"]
[Site "Cappelle la Grande FRA"]
[Date "2003.02.24"]
[Round "4"]
[White "Turov,M"]
[Black "Gajewski,G"]
[Result "0-1"]
[WhiteElo "2525"]
[BlackElo "2436"]

1.e4 c5 2.Nf3 Nc6 3.Bb5 d6 4.c3 Nf6 5.Qe2 e5 6.d4 cxd4 7.cxd4 exd4 8.O-O Bd7
9.Rd1 Qb6 10.e5 dxe5 11.Nxe5 O-O-O 12.Nxf7 Bg4 13.Qd3 Bxd1 14.Bxc6 Qxc6 15.Qxd1 Bc5
16.Nd2 d3 17.Nxh8 Rxh8 18.Nf1 Rd8 19.Be3 Bxe3 20.Nxe3 d2 21.Qf1 Nd5 22.Nc4 Nb6
23.Nxb6+ Qxb6 24.b3 Kb8 25.Qe2 Qc5 26.Rd1 Qc2 27.h4 a5 28.a3 Rd3 29.Kh2 Ka7
30.g3 g6 31.Kg2 b5 32.Kh2 Qxb3 33.Rxd2 Rxd2 34.Qxd2 Qxa3 35.Qd4+ Ka6 36.Qf6+ Ka7
37.h5 gxh5 38.Qf5 Kb6 39.f4 Qc5 40.Qe6+ Qc6 41.Qe5 Qc7 42.Qe6+ Ka7 43.f5 a4
44.f6 a3 45.Qa2 b4 46.Qf2+ Qb6 47.Qxb6+ Kxb6 48.f7 a2 49.f8=Q a1=Q 50.Qh6+ Ka5
51.Qxh7 Qe5  0-1

[Event "Open"]
[Site "Cappelle la Grande FRA"]
[Date "2003.02.24"]
[Round "4"]
[White "Rocha,S"]
[Black "Bocharov,D"]
[Result "0-1"]
[WhiteElo "2369"]
[BlackElo "2524"]

1.e4 c5 2.Nf3 Nc6 3.Bb5 g6 4.O-O Bg7 5.c3 Nf6 6.Re1 O-O 7.h3 e5 8.d4 cxd4
9.cxd4 Nxd4 10.Nxd4 exd4 11.e5 Nd5 12.Qxd4 Qa5 13.Rd1 Nc7 14.Bxd7 Rd8 15.Qa4 Rxd7
16.Qxa5 Rxd1+ 17.Kh2 Rxc1 18.Qd2 Rc5 19.f4 Be6 20.Nc3 Nd5 21.Ne4 Rc4 22.Re1 Rac8
23.Nd6 Bh6 24.Rf1 Rc2 25.Qd4 R8c6 26.Rf3 Re2 27.f5 Ne3 28.Rxe3 Bxe3 29.Qg4 Rcc2
30.fxe6 Rxg2+ 31.Qxg2 Bf4+ 32.Kg1 Rxg2+ 33.Kxg2 fxe6 34.Nxb7 Bxe5 35.b4 Bc7
36.Nc5 Kf7 37.Nb3 Kf6 38.Nd4 e5 39.Nc6 a6 40.a4 Ke6 41.b5 a5 42.Kf3 Kd5 43.Ne7+ Kd4
44.Ke2 Kc4 45.Nc8 Kb4 46.Kd3 g5 47.Ne7 Kxa4 48.Kc4 h5 49.Nd5 Bb8 50.Nf6 Ka3
51.b6 e4 52.Nd7 Bf4 53.b7 e3 54.Kd3 a4 55.Nc5 g4 56.hxg4 hxg4 57.Ke4 Bd6
58.Kd5 e2 59.Nd3 Bb8 60.Kd4 Kb3 61.Nc1+ Kb2 62.Nxe2 a3  0-1

[Event "Open"]
[Site "Cappelle la Grande FRA"]
[Date "2003.02.24"]
[Round "4"]
[White "Kveinys,A"]
[Black "Pigott,J"]
[Result "1/2-1/2"]
[WhiteElo "2541"]
[BlackElo "2382"]

1.e4 c5 2.Nf3 Nc6 3.Bb5 g6 4.O-O Bg7 5.c3 Nf6 6.Re1 O-O 7.d4 d5 8.e5 Ne4
9.Bxc6 bxc6 10.Nbd2 Nxd2 11.Nxd2 f6 12.Nb3 fxe5 13.dxe5 c4 14.Nc5 Rb8 15.b4 cxb3
16.axb3 Rb5 17.Qd4 Qc7 18.Ra2 Rf5 19.Rae2 e6 20.c4 Rb8 21.Bd2 Qb6 22.Ra1 Bf8
23.Ra5 Bxc5 24.Rxc5 Ba6 25.Re3 Rbf8 26.Ba5 Rxf2 27.h3 R2f4 28.Bxb6 Rxd4 29.Bxa7 dxc4
30.Rxc6 Rd1+ 31.Kh2 cxb3 32.Rxb3 Bd3 33.Rd6 Bc4 34.Rxd1  1/2-1/2

[Event "ch-RUS w 1st League"]
[Site "Serpukhov RUS"]
[Date "2003.02.24"]
[Round "5"]
[White "Avdeenko,T"]
[Black "Mashinskaya,I"]
[Result "1-0"]
[WhiteElo "2128"]
[BlackElo "2242"]

1.e4 c5 2.Nf3 Nc6 3.Bb5 g6 4.O-O Bg7 5.c3 e5 6.d3 Nge7 7.Nbd2 O-O 8.a3 a6
9.Bc4 d6 10.b4 h6 11.Re1 Kh7 12.Rb1 b5 13.Ba2 cxb4 14.cxb4 f5 15.Bb2 Bb7
16.Nf1 Qb6 17.Ne3 fxe4 18.dxe4 Nd4 19.Nxd4 exd4 20.Nd5 Bxd5 21.Bxd5 Rae8
22.Qd3 Nxd5 23.exd5 Qb7 24.Re6 Qf7 25.Bxd4 Bxd4 26.Qxd4 Rxe6 27.dxe6 Qxe6
28.Rd1 Qf6 29.Qb6 Rf7 30.f3 Qc3 31.Qxd6 Qxa3 32.h3 Qe3+ 33.Kh1 Qe2 34.Ra1 Rg7
35.Qxa6 Rd7 36.Qc6 Rd1+ 37.Rxd1 Qxd1+ 38.Kh2 Qd3 39.Qc5 Kg7 40.Qe7+ Kg8 41.h4 h5
42.Kg3 Qc4 43.Qe4 Qc7+ 44.Kf2 Qa7+ 45.Kg3 Qc7+ 46.Kh3 Kh7 47.g4 hxg4+ 48.Qxg4 Qc4
49.Kg3 Qf1 50.Qd7+ Kh6 51.Qd4 Qe1+ 52.Kg4 Qe6+ 53.Kf4 Qf7+ 54.Kg3 Kh7 55.Qc5 Qe8
56.Kf4 Qb8+ 57.Kg4 Qe8 58.h5 Qe6+ 59.Kg5 gxh5 60.Kxh5 Qh3+ 61.Kg5 Qg3+ 62.Kf6 Qxf3+
63.Qf5+ Qxf5+ 64.Kxf5 Kg7 65.Ke5  1-0

[Event "Open"]
[Site "Cappelle la Grande FRA"]
[Date "2003.02.26"]
[Round "6"]
[White "Steenbekkers,F"]
[Black "Rausis,I"]
[Result "0-1"]
[WhiteElo "2198"]
[BlackElo "2537"]

1.e4 c5 2.Nf3 Nc6 3.Bb5 g6 4.O-O Bg7 5.c3 Nf6 6.Re1 O-O 7.e5 Nd5 8.d4 cxd4
9.cxd4 d6 10.Nc3 Nxc3 11.bxc3 Qa5 12.Bxc6 bxc6 13.exd6 exd6 14.Bf4 Rd8 15.Qd2 Be6
16.Ng5 Bd5 17.Ne4 Bxe4 18.Rxe4 c5 19.Bh6 Re8 20.Rxe8+ Rxe8 21.Bxg7 Kxg7 22.h3 c4
23.Rb1 Qf5 24.Rb7 a5 25.a4 h5 26.h4 Qe4 27.Ra7 Rb8 28.Qg5 Qe1+ 29.Kh2 Qxf2
30.Rxa5 Rb1 31.Rb5 Re1  0-1

[Event "10th Metalis Open"]
[Site "Bizovac CRO"]
[Date "2003.02.27"]
[Round "2"]
[White "Hodak,S"]
[Black "Zovko,M"]
[Result "0-1"]
[WhiteElo "2333"]
[BlackElo "2128"]

1.e4 c5 2.Nf3 Nc6 3.Bb5 e6 4.O-O Nge7 5.c3 d5 6.exd5 Qxd5 7.d4 Bd7 8.c4 Qh5
9.dxc5 Ng6 10.Nc3 a6 11.Ba4 Qxc5 12.b3 Nge5 13.Bf4 O-O-O 14.Ne4 Nxf3+ 15.Qxf3 Qf5
16.Ng3 Qa5 17.Qe2 Nd4 18.Bxd7+ Rxd7 19.Qe4 Be7 20.Be5 Bf6 21.Bxf6 gxf6 22.Kh1 f5
23.Qh4 Rhd8 24.h3 Nc2 25.Rab1 Qxa2 26.b4 Rd2 27.Qxh7 Ne3 28.Ra1 Qb2 29.Rab1 Qe5
30.f4 Qc7 31.Rg1 Qxf4 32.Nh5 Qe4 33.Nf6 Qc6 34.b5 Qc7 35.b6 Qc6 36.Qxf7 Nxg2
37.Qc7+ Qxc7 38.bxc7 Rf8 39.Rxg2 Rxg2 40.Kxg2 Rxf6 41.Kf3 Rh6 42.Rh1 Kxc7
43.Kf4 Kd6 44.Kg5 Rh8 45.h4 Ke7 46.Rb1 Rg8+ 47.Kh6 Kf6 48.Kh7 Rg7+ 49.Kh6 f4
50.h5 Rc7 51.Rg1 Kf5 52.Rg5+ Ke4 53.Kg6 f3 54.Rg1 f2 55.Rh1 Kf3 56.h6 Kg2  0-1

[Event "ch-CZE"]
[Site "Lahucovice CZE"]
[Date "2003.02.27"]
[Round "10"]
[White "Berezjuk,S"]
[Black "Hracek,Z"]
[Result "1/2-1/2"]
[WhiteElo "2448"]
[BlackElo "2601"]

1.e4 c5 2.Nf3 Nc6 3.Bb5 d6 4.d4 cxd4 5.Qxd4 Bd7 6.Bxc6 Bxc6 7.Nc3 e6 8.Bg5 Nf6
9.O-O-O Be7 10.Qd3 Qa5 11.h4 h6 12.Bd2 Ng4 13.Qe2 Qa6 14.Qxa6 bxa6 15.Nd4 Bd7
16.Rdf1 Bf6 17.Nde2 O-O 18.f3 Ne5 19.b3 Rfc8 20.g4 Bd8 21.g5 h5 22.Bf4 Ba5
23.Kb2 Rc7 24.Bxe5 dxe5 25.Nb1 Bb6 26.Rd1 Rac8 27.c4 a5 28.Nbc3 Kf8 29.Rd3 Ke7
30.f4 exf4 31.Nxf4 g6 32.Rhd1 Be8 33.e5 Rc5 34.Re1 a4 35.Re2 axb3 36.axb3 Rb8
37.Ka3 Bc6 38.Re1 Ba5 39.Re2 Bb6 40.Re1 Ra5+ 41.Kb2 Bf2 42.Re2 Bc5 43.Nb1 Ra6
44.Nd2 Ba3+ 45.Kb1 Rab6 46.Ka2 Bb4 47.Ne4 Bxe4 48.Rxe4 a5 49.Red4 R6b7 50.Ne2 a4
51.Nc1 Ra8 52.Kb2 Ra5 53.Re4 Bc5 54.Kc2 axb3+ 55.Rxb3 Rc7 56.Nd3 Ba7 57.Kb2 Rd7
58.Nb4 Rc5 59.Kc3 Ke8 60.Ra3 Rc8 61.Ra6 Rdc7  1/2-1/2

[Event "11th Fajr Open"]
[Site "Tehran IRI"]
[Date "2003.02.28"]
[Round "2"]
[White "Bashirinia,O"]
[Black "Mallahi,A"]
[Result "0-1"]
[WhiteElo "2137"]
[BlackElo "2395"]

1.e4 c5 2.Nf3 Nc6 3.Bb5 g6 4.O-O Bg7 5.c3 Nf6 6.e5 Nd5 7.d4 cxd4 8.cxd4 O-O
9.Nc3 Nxc3 10.bxc3 d6 11.exd6 Qxd6 12.a4 Rd8 13.Re1 Bf6 14.Ba3 Qc7 15.Nd2 Bf5
16.Ne4 Bxe4 17.Rxe4 Na5 18.Qe1 e6 19.Bc1 Rac8 20.Bf4 Qe7 21.Be5 Bxe5 22.Rxe5 Qc7
23.Rc5 Qd6 24.Rxc8 Rxc8 25.g3 Qc7 26.Ra3 Qb6 27.Qb1 Nc4 28.Ra1 Nd6 29.Qb4 a6
30.Bd3 Qxb4 31.cxb4 Rc3 32.Be2 Rb3 33.b5 axb5 34.axb5 Nxb5 35.Bxb5 Rxb5 36.Kg2 Kf8
37.Rc1 Ke7 38.Rc7+ Kf6 39.Kf3 Rb2 40.h4 h6 41.Ke3 Rb3+ 42.Ke4 Rb2 43.Ke3 Rb3+
44.Ke4 Rb1 45.Ke3 b5 46.Rc5 b4 47.Rb5 b3 48.Ke2 b2 49.Rb7 g5 50.hxg5+ hxg5
51.Kf3 Kg7 52.Rb5 Kg6 53.Rb6 f6 54.Rb7 f5 55.Rb6 g4+ 56.Ke2 Kf7 57.Rb8 Ke7
58.Rb6 Kd7 59.Rb8 Kc6 60.Rb3 Kd5 61.Rb4 Ke4 62.Rb8 f4  0-1

[Event "X Anibal Open"]
[Site "Linares ESP"]
[Date "2003.03.01"]
[Round "2"]
[White "Collins,S"]
[Black "Pogorelov,R"]
[Result "1/2-1/2"]
[WhiteElo "2331"]
[BlackElo "2517"]

1.e4 c5 2.Nf3 Nc6 3.Bb5 g6 4.Bxc6 dxc6 5.d3 Bg7 6.O-O e5 7.h3 Qe7 8.Nc3 Nf6
9.Be3 O-O 10.Qd2 Rd8 11.Bh6 c4 12.Bxg7 Kxg7 13.Rad1 cxd3 14.cxd3 c5 15.Qg5 Re8
16.Nd2 h6 17.Qe3 Be6 18.Nc4 Nd7 19.f4 exf4 20.Qxf4 Qg5 21.Qxg5 hxg5 22.Nd6 Re7
23.d4 cxd4 24.Rxd4 Ne5 25.Rfd1 Rd7 26.Kf2 a6 27.Na4 Rc7 28.Nb6 Rh8 29.a4 g4
30.h4 Rc2+ 31.R1d2 Rxd2+ 32.Rxd2 Rxh4 33.Nxb7 g3+ 34.Kxg3 Rxe4 35.Nc5 Rg4+
36.Kf2 Bf5 37.a5 Nc6 38.Nd5 Nxa5 39.Ne3 Rf4+ 40.Kg3 g5 41.Rd5 Bg6 42.Rxg5 Rb4
43.Nxa6 Rb3 44.Rxa5 Rxe3+ 45.Kf2 Rb3 46.Re5 Rxb2+ 47.Kf3 Rc2  1/2-1/2

[Event "11th Fajr Open"]
[Site "Tehran IRI"]
[Date "2003.03.01"]
[Round "3"]
[White "Khorshidi,M"]
[Black "Shaarbaf,M"]
[Result "0-1"]
[WhiteElo "2170"]
[BlackElo "2252"]

1.e4 c5 2.Nf3 Nc6 3.Bb5 g6 4.O-O Bg7 5.Re1 e5 6.Bxc6 dxc6 7.d3 Ne7 8.b3 Bg4
9.Nbd2 O-O 10.Bb2 Qc7 11.Nc4 f6 12.a4 g5 13.Ne3 Be6 14.Nd2 b6 15.Ndf1 Qd7
16.Ng3 Rad8 17.Qh5 h6 18.h3 Rf7 19.Qf3 f5 20.exf5 Nxf5 21.Nexf5 Bxf5 22.Nxf5 Rxf5
23.Qg3 Rdf8 24.f3 Rf4 25.Re3 e4 26.Bxg7 Qxg7 27.Rae1 exf3 28.Rxf3 Rxf3 29.gxf3 Qc3
30.Re2 Rf4 31.Kg2 Qf6 32.h4 Qf5 33.hxg5 hxg5 34.Re4 Kf7 35.Kf2 Qf6 36.Ke3 Rf5
37.Ke2 Rf4 38.Qh3 Rxe4+ 39.dxe4 Kg6 40.Qd7 Qc3 41.Qxc6+ Kh5 42.Qe8+ Kh4 43.Qb5 Qxc2+
44.Ke3 Qc1+ 45.Kf2 Qb2+ 46.Qe2 Qxb3 47.e5 Qe6 48.Qe4+ Kh5 49.Qh7+ Qh6 50.Qf7+ Kh4  0-1

[Event "Jch-RUS b20"]
[Site "Essentuki RUS"]
[Date "2003.03.02"]
[Round "1"]
[White "Kornilov,I"]
[Black "Kosintseva,T"]
[Result "1/2-1/2"]
[WhiteElo "2371"]
[BlackElo "2457"]

1.e4 c5 2.Nf3 Nc6 3.Bb5 g6 4.Bxc6 dxc6 5.d3 Bg7 6.h3 e5 7.Be3 Qe7 8.Nbd2 Nf6
9.Nc4 Nd7 10.a4 b6 11.Qd2 O-O 12.O-O Rd8 13.Rfe1 Nf8 14.Qc3 f6 15.a5 b5 16.Ncd2 Ne6
17.Nb3 Bf8 18.a6 Rb8 19.Ra5 c4 20.Nbd2 Qc7 21.Raa1 cxd3 22.cxd3 c5 23.b4 Nd4
24.bxc5 b4 25.Qb2 Bxc5 26.Rac1 Qe7 27.Nxd4 Bxd4 28.Bxd4 Rxd4 29.f4 Rxd3 30.Nf3 Ra3
31.fxe5 Rxa6 32.exf6 Qxf6 33.Nd4 Qe5 34.Qf2 Rf6 35.Nf3 Qe7 36.e5 Rf5  1/2-1/2